[Event "Bucharest m"]
[Site "Bucharest"]
[Date "2006.04.09"]
[Round "4"]
[White "Topalov, Veselin"]
[Black "Nisipeanu, Liviu Dieter"]
[Result "1-0"]
[WhiteElo "2801"]
[BlackElo "2693"]
[Annotator "Kritz,L"]
[PlyCount "85"]
[EventDate "2006.04.06"]
[EventType "match"]
[EventRounds "4"]
[EventCountry "ROU"]
[SourceTitle "CBM 113"]
[Source "ChessBase"]
[SourceDate "2006.07.31"]
[SourceVersion "1"]
[SourceVersionDate "2006.07.31"]
[SourceQuality "1"]

1. e4 c5 2. Nf3 d6 3. d4 cxd4 4. Nxd4 Nf6 5. Nc3 Nc6 6. Bg5 e6 7. Qd2 Be7 8.
O-O-O O-O (8... Qb6 {Sehr interessante Varianten entstehen nach} 9. Be3 $5 (9.
f3 {sichert den stabilen Vorteil} Nxd4 10. Qxd4 Qxd4 11. Rxd4 a6 $14 {->7....
Qb6}) (9. Nb3 O-O 10. f3 Rd8 11. Nb5 Rd7 12. Qe1 a6 13. N5d4 $14) 9... Ng4 $8 {
Mit einer Folge von einigen Zügen kann sich Schwarz ins Remis retten:} 10. Nxc6
(10. Ndb5 Nxe3 11. Qxe3 Qxe3+ 12. fxe3 O-O 13. Nxd6 Rd8 $44) 10... Nxe3 (10...
Qxc6 $4 11. Bb5 $18) 11. Nxe7 Nxd1 12. Na4 (12. Bb5+ $2 Kxe7 13. Qg5+ Kf8 14.
Rxd1 a6 $17) 12... Qxf2 (12... Qc7 13. Nxc8 Rxc8 14. Bb5+ Ke7 15. Rxd1 $18) 13.
Qxd6 Bd7 $1 (13... Ne3 14. Bb5+ Bd7 15. Bxd7+ Kf8 16. Ng6+ Kg8 17. Qf8+ Rxf8
18. Ne7#) 14. Nc5 Ne3 $1 15. Qxd7+ (15. Bd3 Qxg2 16. Qxd7+ Kf8 {->15.Qd7})
15... Kf8 16. Bd3 Qxg2 17. Re1 (17. Nxe6+ fxe6 18. Re1 Qg5 $15) 17... Qf2 (
17... Qg5 $2 18. Qxb7 Rd8 19. Nc6 Ng2+ 20. Kb1 Nxe1 21. Nd7+ Kg8 (21... Ke8 22.
Nde5 Qf6 23. Nxd8 $18) 22. h4 $3 Qxh4 23. Nde5 $18) 18. Rd1 (18. Rh1 Qg2 $11)
18... Nxd1 19. Qd6 Qe3+ 20. Kxd1 Qg1+ 21. Ke2 (21. Kd2 Qg5+ 22. Kd1 Qxe7 $19)
21... Qg2+ 22. Ke1 Qg1+ $11) 9. f4 (9. f3 a6 10. h4 Nxd4 11. Qxd4 b5 12. Kb1
$132 {Ist die andere Hauptvariante, die zu kompliziertem Spiel, ähnlich dem
Englischen Angriff im Najdorf, führt.}) 9... Nxd4 10. Qxd4 Qa5 11. h4 $5 {
Ein sehr seltener Zug, der anscheinend die Wirkung eines Überraschungseffektes
hatte - nach wenigen Zügen stand Weiß fast schon auf Gewinn.} (11. Bc4 {
ist die uralte klassische Variante.} Bd7 12. e5 dxe5 13. fxe5 (13. Qxe5 Qb6 14.
Qe2 Bc6 $132) 13... Bc6 14. Bd2 Nd7 15. Nd5 Qd8 16. Nxe7+ Qxe7 17. Rhe1 $14 {
Die Stellung ist sehr kompliziert und wurde schon tausend Mal gespielt,
allerdings hat Weiß hier etwas bessere Chancen.}) 11... e5 (11... h6 {Stellt
keine konkrete Drohung auf, da das Nehmen auf g5 sehr gefährlich ist.} 12. Kb1
Rd8 13. Be2 (13. g4 $5) 13... a6 14. Bf3 b5 15. Bxf6 $1 Bxf6 16. e5 dxe5 17.
Qc5 Rb8 18. Ne4 Rxd1+ 19. Rxd1 Bxh4 20. Nd6 $1 Qb6 (20... Bd7 21. Nb7 $18) 21.
Qxb6 Rxb6 22. Nxc8 Rb8 23. Na7 exf4 24. Rd6 $16 {Dvoyris - Aseev (UDSR, 1990)})
12. Qe3 exf4 $6 {Das sofortige Nehmen ist zweifelhaft. 12....Be6 kommt in
Betracht.} (12... Be6 $5 13. f5 $5 (13. a3 exf4 14. Bxf4 {Hier entsteht die
Stellung wie in der Partie, nur dass Weiß statt den d6 Bauer zu gewinnen, a3
gezogen hat. Was natürlich vorteilhaft für Schwarz ist.}) (13. Bxf6 $2 exf4 14.
Qxf4 Bxf6 $17) 13... Bxa2 14. Bxf6 Bxf6 15. g4 $44) (12... h6 $2 13. Nd5 $1 (
13. Bxf6 $2 exf4 $1 (13... Bxf6 14. f5 $16) 14. Qxf4 Bxf6 15. Rd5 Qc7 16. Qxd6
Qxd6 17. Rxd6 Bxc3 18. bxc3 Be6 $44) 13... Nxd5 $8 14. Rxd5 Bxg5 (14... Qc7 15.
Qg3 $1 $16) 15. hxg5 Qxa2 16. gxh6 Qa1+ 17. Kd2 Bg4 18. Qg3 $1 Qd1+ 19. Ke3
Qc1+ 20. Rd2 exf4+ 21. Qxf4 Qe1+ 22. Kd3 f5 23. Kd4 $3 {/\Bc4} Qxe4+ 24. Qxe4
fxe4 25. Bc4+ Kh7 26. Ke3 $16) 13. Bxf4 Be6 (13... Rd8 14. h5 h6 (14... Bg4 15.
Be2 $16) 15. Bc4 Bg4 16. Rdf1 Rac8 17. Bb3 $14 {Die weißen Figuren schauen
alle in Richtung des schwarzen Königs, was ja sowieso sehr unangenehm ist. Und
wenn man dann noch gegen Topalov spielt, dann sollte man solche Stellungen
überhaupt vermeiden.}) 14. Bxd6 {Eiskalt!} Bxd6 (14... Ng4 15. Qf4 Bxd6 16.
Rxd6 Rac8 17. Rxe6 Rxc3 (17... fxe6 18. Qxg4 $18) 18. bxc3 fxe6 19. Qxg4 Qxa2
20. Kd2 Rd8+ 21. Bd3 $18) 15. Rxd6 Rac8 ({Nach} 15... Bxa2 {war wohl} 16. Rxf6
$3 {geplant} gxf6 17. Rh3 Kh8 18. Qh6 Rg8 (18... Qe5 19. Nxa2 $18) 19. Qxf6+
Rg7 20. Rg3 Rag8 21. Rg5 $1 Qc7 22. Nxa2 $18) 16. a3 Rc6 {Der Turm auf d6
stört zwar sehr, aber wenn man ihn auf diese Art los wird, bleibt man einfach
mit einem Minusbauern ohne kompensierendes Gegenspiel. Allerdings ist es auch
nicht einfach, etwas anderes zu finden.} (16... Rfd8 17. Rxd8+ Rxd8 18. Be2 $16
) (16... Rfe8 17. Be2 Bf5 18. Rd4 (18. Rxf6 $5 gxf6 19. Qg3+ Kh8 20. exf5 Rxc3
21. Qxc3 Qxc3 22. bxc3 Rxe2 23. Rd1 Rxg2 24. Rd7 $14) 18... Qb6 19. Bf3 $16) (
16... Qe5 $5 17. Rd2 (17. Qd4 Qf4+ 18. Qd2 Qe5 19. Rd4 b5 $5 $13) 17... Rc5 18.
Be2 $14) 17. Rxc6 bxc6 18. Be2 $16 {Schwarz hat zwar noch ein kleines
Gegenspiel gegen den Bauern e4 und evtl. auf der b-Linie, das reicht aber
nicht aus, um den weißen Mehrbauern vollständig zu kompensieren.} Nd7 19. Rd1
Qc7 20. g3 Rb8 21. Qd4 Qxg3 22. Qxa7 Nf6 23. Kb1 h5 24. a4 Bg4 25. Bxg4 hxg4
26. Qd4 Qxh4 27. e5 Nd5 28. Nxd5 cxd5 29. Rg1 Qh2 30. Rxg4 Rc8 31. Rxg7+ Kh8
32. Rg4 Rc4 33. Qd1 Rxg4 34. Qxg4 Qxe5 35. c3 Kh7 36. Qd4 Qe6 37. a5 f5 38. b4
Qe2 39. Qxd5 Kg6 40. Qd6+ Kg5 41. a6 f4 42. Qc5+ Kg4 43. a7 1-0

[Event "Poikovsky Karpov 11th"]
[Site "Poikovsky"]
[Date "2010.06.07"]
[Round "6"]
[White "Sutovsky, Emil"]
[Black "Jobava, Baadur"]
[Result "1/2-1/2"]
[WhiteElo "2661"]
[BlackElo "2715"]
[Annotator "Kritz,L"]
[PlyCount "118"]
[EventDate "2010.06.02"]
[EventType "tourn"]
[EventRounds "11"]
[EventCountry "RUS"]
[EventCategory "18"]
[SourceTitle "CBM 137"]
[Source "ChessBase"]
[SourceDate "2010.07.15"]
[SourceVersion "1"]
[SourceVersionDate "2010.07.15"]
[SourceQuality "1"]

1. e4 c5 2. Nf3 d6 3. d4 cxd4 4. Nxd4 Nf6 5. Nc3 Nc6 {Einer der klassischen
Sizilianer - die Rauser Variante.} 6. Bg5 e6 7. Qd2 Be7 {Alternative zu diesem
Zug ist 7....a6.} (7... a6 8. O-O-O Bd7 (8... h6 9. Nxc6 bxc6 10. Bf4 d5 11.
Qe3 Be7 12. Be2 O-O 13. h4 $14 {Kobalia - Zabotin (Moscow, 2008)}) 9. f4 b5 10.
Bxf6 gxf6 11. Kb1 Qb6 12. Nxc6 Bxc6 13. Qe1 Be7 14. Bd3 $132 {Adams - Kozul 
(Belgrade, 1999)}) 8. O-O-O O-O 9. f4 {Wohl die stärkste Fortsetzung, obwohl
ich selbst die Variante 9.f3 spiele. Das ist mehr Geschmackssache.} (9. f3 Nxd4
(9... a6 10. h4 Qc7 11. Kb1 Nxd4 12. Qxd4 b5 13. Qd2 b4 14. Ne2 a5 15. Nd4 Ba6
16. Bxa6 Rxa6 17. Qe2 Rb6 18. g4 $14 {Dominguez - Gulko (Beer Sheva, 2005)})
10. Qxd4 a6 (10... Qa5 11. h4 Bd7 12. Kb1 Rfc8 13. Qd2 Kh8 14. Qe1 Bc6 15. g4
a6 16. Bd2 Qc7 17. h5 $14 {Shabalov - Shankland (Las Vegas, 2007)}) 11. h4 b5
12. Kb1 Bb7 13. g4 Rc8 14. Bd3 Nd7 15. a3 Rc5 16. Be2 Rc6 17. Na2 $14 {
Morozevich - Timofeev (Sarajevo, 2008)}) 9... Nxd4 (9... h6 10. Bh4 Nxd4 (10...
e5 11. Nf5 Bxf5 12. exf5 exf4 13. Kb1 d5 14. Bxf6 Bxf6 15. Nxd5 Be5 16. Bc4 $14
{Almasi - Gurevich (Bern, 1996)}) 11. Qxd4 Qa5 12. Qe3 b5 13. Bxb5 Rb8 14. Ba4
Ba6 15. Bb3 Rfc8 16. Qe1 Qc7 17. g4 Nxg4 18. Rg1 Nf6 19. Qg3 $16 {Jobava -
Gulko (Barcelona, 2008)}) 10. Qxd4 Qa5 (10... h6 11. Bh4 {-> 9....h6}) 11. e5
$5 {Eine selten gespielte Fortsetzung. Hauptvariante ist 11.Bc4.} (11. Bc4 Bd7
(11... b5 12. Bxb5 Rb8 13. e5 $1 dxe5 14. fxe5 Rxb5 15. exf6 Rb4 16. Qe3 Bc5
17. Qg3 $14 {Kasimdzhanov - Kotronias (Baden Baden, 2007)}) 12. e5 dxe5 13.
fxe5 Bc6 $1 14. Bd2 Nd7 15. Nd5 Qd8 16. Nxe7+ Qxe7 17. Rhe1 $14 {Kosintseva -
Cramling (Nalchik, 2010)}) 11... dxe5 12. Qxe5 {Weiß hat keine Wahl - das
Nehmen mit dem Bauern ist schlecht.} (12. fxe5 Rd8 13. Qf4 Rxd1+ 14. Kxd1 Nd5
15. Nxd5 Qxd5+ 16. Bd3 Bxg5 17. Qxg5 Bd7 $17 {Medina - Draghici Flutur 
(Heraklion, 2008). Der weißer König ist im Zentrum, es droht Bb5, dazu hängt
der a2-Bauer. Schwarz hat zweifellos Vorteil.}) 12... b5 {Normalerweise kann
Schwarz Ausgleich mittels 12...Qxe5 erreichen. Anscheinend wollte Schwarz doch
mehr als ein remisliches, aber passives Endspiel.} (12... Qxe5 13. fxe5 Nd5 14.
Bxe7 Nxe7 {In diesem Endspiel hätte Weiß klaren Vorteil, wenn sein Bauer e5
nicht so schwach wäre.} 15. Bd3 b6 16. Be4 Rb8 17. Nb5 (17. Rhe1 Bb7 18. Rd7
Bxe4 19. Rxe4 Nc6 20. Nb5 Rfd8 $11 {Motylev - Miroshnichenko (Muelheim, 2008)})
17... Bb7 18. Rhe1 Bxe4 19. Rxe4 a6 20. Nc7 a5 21. Rd7 Ng6 $11 {Robson -
Kacheishvili (Ledyard, 2009)}) 13. Ne4 {Alternativen zu dem Partiezug sind:} (
13. Rd3 Ng4 (13... h6 $5 14. Bxh6 gxh6 15. Rg3+ Kh8 16. Rh3 Rg8 $132) 14. Qe4
f6 $1 (14... Bxg5 15. fxg5 Nf2 16. Qxa8 Nxh1 17. Nd1 $1 $16) 15. Rh3 (15. Qxa8
fxg5 16. Qf3 Ne5 $15) 15... g6 16. Qxa8 fxg5 $132 {1-0 Cheparinov,I (2646)
-Kotronias,V (2570)/Malmo SWE 2007/The Week in Chess 650 (42)}) (13. Bd3 Bb7
14. Qxb5 Qxb5 15. Nxb5 Bxg2 16. Rhg1 {Sadvakasov - Shengelia (Baku, 2007)} Bd5
$11) (13. Bxb5 Bb7 14. Be2 Qb6 $44 {und Schwarz hatte die typische
Kompensation in Hossain - Jobava (Abu Dhabi, 2007).}) 13... Nd5 $5 $146 {
Bis jetzt gab es nur eine Partie in der Stellung, und Schwarz wählte 13....
Nxe4:} (13... Nxe4 14. Bxe7 Bb7 15. Bxf8 Rxf8 16. Bd3 Nf2 17. Qxb5 Qxb5 18.
Bxb5 Nxh1 19. Rxh1 Bxg2 20. Rd1 h6 $132 {Smeets - Wells (London, 2007). Und
obwohl beide Seiten gewisse Chancen haben, steht Weiß meiner Meinung nach
besser, weil seine Bauern schneller laufen werden.}) (13... Qxa2 $2 14. Nxf6+
gxf6 15. Bxf6 Bxf6 16. Qxf6 Ba6 17. Bd3 $16) 14. Bxe7 Nxe7 15. Qxb5 Qc7 16. Qe5
(16. g3 Rb8 17. Qc4 Qb6 $44 {Schwarz hat wieder mal eine gute Kompensation.})
16... Qb6 17. Rd6 Qe3+ 18. Nd2 Qf2 (18... Qxe5 {verdient der Betrachtung, doch
das Endspiel ist etwas besser für Weiß:} 19. fxe5 Ng6 20. Nc4 Bb7 21. Rg1 Bd5
22. Ne3 Bb7 23. Be2 Nxe5 24. Rgd1 $14) 19. Bd3 Bb7 20. Rf1 Qxg2 21. Qg5 {
Weiß hat Schwarz doch in ein Endspiel gezwungen, in dem er bessere Chancen hat.
} Qxg5 22. fxg5 Rad8 23. Nc4 Bc6 24. Rxd8 Rxd8 25. Ne5 Be8 {Schwarz steht
ziemlich passiv.} 26. Bc4 {Dieser Plan scheint mir etwas zu künstlich zu sein.
Weiß müsste eigentlich seine Bauern nach vorne bringen, und das so schnell wie
möglich.} (26. c4 $5 Nc6 27. Nxc6 Bxc6 (27... Rxd3 28. Nxa7 Rd4 29. b3 Rg4 30.
Rf2 Rxg5 31. a4 $14) 28. Rd1 Kf8 29. b4 $14) 26... Rc8 (26... Nf5 $5 {Man muss
nicht die d-Linie aufgeben. Der Springer macht das Feld e7 für den schwarzen
König frei.} 27. Rf3 (27. b3 $2 Ne3 $15) 27... Rd4 $132 {/\ Re4}) 27. Rd1 h6 (
27... Ng6 $2 28. Nxg6 hxg6 29. b3 $14 {Die schwarzen Bauern sind nun weniger
beweglich.}) 28. Ba6 Rb8 29. gxh6 Nc6 (29... gxh6 $2 30. Nd7 $1 Bxd7 (30... Rb4
31. Nf6+ Kf8 32. Rd8 $18) (30... Ra8 31. Bb7 $18) 31. Rxd7 Nc6 32. c3 $16) 30.
Nxc6 Bxc6 31. Rd6 Bb7 32. Be2 (32. hxg7 Kxg7 $132 {Die Anzahl der Bauern
spielt da keine so großen Rolle - das schwarze Zentrumspaar kann durchaus
stärker sein.}) 32... Be4 (32... gxh6 33. Rd7 $16 {Nun kann der König nicht
raus, weil dann Bh5 kommt:} Kg7 $2 34. Bh5 $18) 33. Rd7 a5 34. Ra7 Rc8 35. c4
Rc5 36. h7+ $1 {Gute Nuance!} Kxh7 (36... Bxh7 $4 37. Ra8+) 37. Rxf7 Rg5 {
Dieses Endspiel muss wohl verloren sein, ich kann aber stark vermuten, dass
die Spieler hier in der Zeitnot gewesen sind.} 38. Rf4 Rg1+ 39. Kd2 Bf5 40. c5
Rb1 41. Bd3 $6 {Die erste Ungenauigkeit. Ganz einfach gewann 41.b3:} (41. b3
Rb2+ 42. Ke3 Rxa2 43. c6 Rc2 44. Bc4 $18 {Schwarz kann den Bauern nicht
aufhalten.}) 41... Rxb2+ 42. Kc3 Rxh2 43. Bxf5+ (43. Rxf5 $5 exf5 44. Bxf5+ Kg8
(44... g6 45. c6 Kg7 46. c7 Rh8 47. c8=Q Rxc8+ 48. Bxc8 $18) (44... Kh6 45. c6
Kg5 46. c7 $18) 45. c6 Rh6 46. Bd7 Rh1 47. Kd2 Rh2+ 48. Kd3 $18) 43... exf5 44.
Rxf5 Rxa2 (44... Kg6 $5 45. Rf8 Kh7 46. Ra8 Rh1 47. Kc4 g5 48. c6 Rc1+ 49. Kb5
$18) 45. c6 Re2 46. Kd4 $2 (46. Rc5 Re8 47. c7 Rc8 48. Kc4 a4 (48... g5 49. Kb5
Kg6 50. Kc6 Kh5 51. Kb7 Rf8 52. c8=Q Rxc8 53. Rxc8 $18) 49. Kb5 a3 50. Kb6 a2
51. Ra5 $18) 46... Kh6 $2 (46... Rd2+ 47. Ke5 a4 $11) 47. Re5 $2 (47. c7 $18)
47... Rd2+ 48. Kc4 Rc2+ 49. Kb5 a4 $11 {Weiß kann nichts mehr machen, er muss
sogar noch aufpassen, weil der schwarze a-Bauer weglaufen könnte.} 50. Re3 g5
51. Kb6 Kh5 52. c7 Kh4 53. Re8 g4 54. Rh8+ Kg3 55. c8=Q Rxc8 56. Rxc8 Kf2 57.
Rf8+ Ke3 58. Rg8 Kf3 59. Rf8+ Ke3 1/2-1/2

[Event "Vinkovci"]
[Site "Vinkovci"]
[Date "1993.??.??"]
[Round "5"]
[White "Palac, Mladen"]
[Black "Lisenko, Alexander V"]
[Result "1/2-1/2"]
[WhiteElo "2485"]
[BlackElo "2410"]
[Annotator "Lisenko"]
[PlyCount "161"]
[EventDate "1993.12.??"]
[EventType "tourn"]
[EventRounds "11"]
[EventCountry "CRO"]
[EventCategory "10"]
[SourceTitle "CBM 039"]
[Source "ChessBase"]
[SourceDate "1994.04.01"]
[SourceVersion "1"]
[SourceVersionDate "1994.04.01"]
[SourceQuality "1"]

1. e4 c5 2. Nf3 Nc6 3. d4 cxd4 4. Nxd4 Nf6 5. Nc3 d6 6. Bg5 e6 7. Qd2 Be7 8.
O-O-O Nxd4 9. Qxd4 O-O 10. f4 Qa5 11. Bc4 Bd7 12. e5 dxe5 13. fxe5 Bc6 14. Bd2
Nd7 15. Nd5 Qd8 16. Nxe7+ Qxe7 17. Rhe1 Rfd8 18. Qg4 Nf8 (18... Nb6 19. Bf1 Qc5
20. Qb4 Qf2 21. Qf4 Qxf4 22. Bxf4 $14 {Cseshkovsky,V-Yudasin,L/SSSR(ch)/ 1986
0,5 (42) Inf 41/211/}) 19. Bd3 (19. h4 $5 $146 Qc5 20. Bc3 $1 h5 $2 (20... Bd5
$5 21. Bd3 Bxa2 22. h5 $44) 21. Qe2 $1 Bxg2 22. Rxd8 Rxd8 23. Bd3 $1 Bh3 $8 24.
Qxh5 f5 25. Qf3 Bg4 26. Qxb7 $16 {Sherzer,A-Rachels,S/USA(ch)/1992 1:0 (38)
Inf 56/215/}) (19. Bf1 Qc5 $1 (19... Qc7 20. Bc3 Ng6 21. Rxd8+ Rxd8 22. Rd1 $1
Bd5 23. Qd4 Rc8 24. a3 {Gurevich,I-Rachels,S/USA(ch)/ 1992 1:0 (54) Inf 56/214/
}) 20. Bc3 Ng6 (20... Rd5 $5 {Anand/} 21. Qg5) 21. Qg5 Rd5 22. Rxd5 Bxd5 23. a3
Rc8 (23... a6 $1 {Anand/}) 24. Qe3 Qc6 25. g3 (25. Qxa7 Bxg2 26. Bxg2 Qxg2 $14)
25... a6 26. Be2 Ne7 27. Qg5 Qc7 $10 {Kamsky,G-Anand,V/Linares/1993 0:1 (68)
Inf 57/200/}) 19... Rxd3 $1 20. cxd3 Qd7 (20... Qc5+ $5 21. Kb1 (21. Qc4 Qf2
$13) 21... Qd5 $44) 21. Bb4 $5 (21. Kb1 Qxd3+ $6 22. Ka1 $14 {Ivanchuk,V-Anand,
V/Linares(m/7)/1992 1:0 (51) Inf 55/225/}) 21... Qd5 22. Bxf8 Rxf8 23. Kb1 Qxg2
24. Qxg2 (24. Qh4 $5) 24... Bxg2 25. Rc1 Bc6 26. Rc4 Rd8 $146 (26... f5 27.
exf6 Rxf6 28. h4 h6 29. Rg1 Kf7 30. h5 Kf8 31. Kc2 Rf5 32. Rcg4 Rf7 33. Kc3 Bf3
34. Rg6 Rc7+ 35. Kd2 Bxh5 $10 {Georgiev,Kir-Gurevich,D/Palma de Mallorca/1989
0,5 (59) Inf 48/276/}) 27. Kc2 g6 28. Kc3 Kg7 29. b4 h6 30. Rc5 a6 31. Ra1 g5
32. a4 Bf3 33. Rc7 Kg6 34. d4 Rf8 35. Rf1 g4 36. Kd2 f5 $6 (36... h5 37. Ke3
Rd8 38. Rxf3 gxf3 39. Rxb7 Rxd4 $10) 37. exf6 Rxf6 38. Re7 h5 39. Ke3 h4 40.
Rf2 Bc6 (40... Kg5 41. Rg7+ Rg6 (41... Kh6 42. Rxb7 $18) 42. Rxg6+ Kxg6 43. Kf4
Kf6 44. h3 $1 g3 45. Rxf3 g2 46. Ke3+ $18) 41. Rf4 $1 (41. Rxf6+ Kxf6 42. Rh7
g3 43. Rxh4 gxh2 44. Rxh2 Bxa4 $10) 41... Rxf4 $8 42. Kxf4 g3 43. hxg3 Kf6 (
43... h3 44. Rxe6+ Kf7 45. Rxc6 bxc6 46. Kf3 $18) 44. Rh7 hxg3 45. Kxg3 Kf5 $2
(45... Kg6 $1 46. Rc7 Kf5 {/\Ke4=/}) 46. b5 $1 axb5 47. axb5 Bd5 48. Rh4 b6 49.
Rf4+ Kg5 50. Rf1 Bc4 51. Re1 Kf6 52. Kf4 Bxb5 53. Rb1 Bc4 54. Rxb6 Bd5 55. Rb2
(55. Rb8 $1 Bg2 (55... Bc4 56. Rf8+ Ke7 57. Rc8 {/\Ke5+-/}) 56. Rh8 Bd5 57.
Rh6+ Kg7 58. Kg5 Bc4 59. Rh3 {/\Tc3-c7+-/}) 55... Bc4 56. Rh2 Bd3 57. Rh6+ Bg6
58. Kg4 Kf7 59. Kg5 Bf5 60. Rh8 Ke7 $10 61. Rb8 Kd6 62. Rb5 Bd3 63. Ra5 Bc4 64.
Kf6 Bb3 65. Ra3 Bc4 66. Ra5 Bb3 67. Kg7 Bc4 68. Kf8 Bb3 69. Ke8 Bc4 70. Kd8 Bb3
71. Kc8 Bc4 72. Kb7 Bd5+ 73. Ka7 Kc6 74. Ra3 Be4 75. Ra5 Bd5 76. Kb8 Bf3 77.
Kc8 Kd6 78. Kd8 Be4 79. Ke8 Bd3 80. Kf7 Bc2 81. Kf6 1/2-1/2

[Event "EU-ch 12th"]
[Site "Aix les Bains"]
[Date "2011.03.23"]
[Round "2"]
[White "Kobalia, Mihail"]
[Black "Sanikidze, Tornike"]
[Result "1-0"]
[WhiteElo "2672"]
[BlackElo "2542"]
[Annotator "Marchand,A/Primel,D"]
[PlyCount "79"]
[EventDate "2011.03.22"]
[EventType "swiss"]
[EventRounds "11"]
[EventCountry "FRA"]
[SourceTitle "CBM 142 Extra"]
[Source "ChessBase"]
[SourceDate "2011.06.27"]
[SourceVersion "1"]
[SourceVersionDate "2011.06.27"]
[SourceQuality "1"]
[TimeControl "40/5400+30:1800+30"]

1. e4 c5 2. Nf3 d6 3. d4 cxd4 4. Nxd4 Nf6 5. Nc3 Nc6 6. Bg5 e6 7. Qd2 Be7 (7...
a6) 8. O-O-O Nxd4 9. Qxd4 O-O 10. f4 Qa5 11. e5 $1 {Malgré l'échange des Q qui
va suivre, il n'est pas facile pour les Noirs d'égaliser} (11. Bc4) (11. Kb1)
11... dxe5 12. Qxe5 Qxe5 13. fxe5 Nd5 14. Bxe7 Nxe7 15. Bd3 $32 b6 16. Be4 Rb8
17. Rhe1 (17. Nb5 Bb7 18. Rhe1 Bxe4 19. Rxe4 Rb7 20. Ra4 $36 {[%csl Rb7];
Smirnov,P (2592)-Armbrust,F (2306) Pardubice Chladek&Tintera op-A 19th 2008 (1)
1-0}) 17... Bb7 18. Nb5 {[%csl Gd6][%cal Gb5a7,Gb5d6]} (18. Rd7 $5 Bxe4 19.
Rxe4 Nc6 20. Nb5 Rfd8 21. Rd6 Rbc8 22. Rc4 Nxe5 23. Rxc8 Rxc8 24. Nxa7 Rb8 25.
Nc6 $1 {La finale de R est agréable а jouer pour les Blancs} Nxc6 26. Rxc6 g5
27. a4 $14 {Sadvakasov,D (2619)-Miroshnichenko,E (2608) Dubai op 08th 2006 (6)
1-0}) 18... Bxe4 19. Rxe4 Rb7 20. Ra4 $1 Nc6 21. Rd6 Nxe5 22. Rxa7 Rxa7 23.
Nxa7 Nc4 $146 (23... Rb8 24. Nc6 Nxc6 25. Rxc6 g6 26. c4 Rb7 27. Kc2 Kf8 28.
Kc3 Ke7 29. Kb4 e5 30. g4 e4 31. Kc3 Rd7 32. c5 bxc5 33. Rxc5 Ke6 34. g5 Rd3+
35. Kc2 Rh3 36. a4 Rxh2+ 37. Kc3 h6 38. a5 {Cihelashvili-Lisenko,A/Riga 1968/
MCD/1/2-1/2 (55)}) 24. Rc6 Ne3 25. Rxb6 {[%csl Ga2,Gb2][%cal Ga2a8,Gb2b8]} (25.
g3 g5 {[%cal Gg8g7]}) 25... Nxg2 26. Nc6 {Début de la course de vitesse mais
les pièces Blanches sont mieux coordonnées pour soutenir la majorité а
l'aile-dame} f5 27. Ne5 {[%cal Ge5f3]} (27. Rb8 $5 {[%csl Ga2,Rg2][%cal Ga2a8]
Peut-être plus simple car le Ng2 sera mal placé pour lutter contre le P"a"}
Rxb8 28. Nxb8 Kf7 (28... f4 29. a4 Ne3 (29... f3 30. Kd2) 30. Kd2) 29. a4 Ke7 (
29... Kf6 30. a5) 30. a5 Kd6 31. a6 Kc7 32. Nd7 Ne3 33. Kd2 f4 34. Nc5 Kb6 35.
Nxe6 (35. b4 e5) 35... Kxa6 36. Nxg7 Nc4+ 37. Ke2 Nxb2 38. Kf3 Kb5 39. Kxf4 Kc5
40. Kg5 Nd1 41. Kh6 Kd6 42. Kxh7 $18) 27... f4 28. Nf3 g5 $6 {[%cal Gg5g4]} (
28... Re8 29. Ne5 g5 $132) (28... Kf7) 29. h3 Ne3 (29... e5 30. Re6 (30. Nxe5
$2 f3)) 30. Rxe6 Ra8 31. Nxg5 Rxa2 32. Rf6 Nd5 $2 (32... Nc4 {[%csl Gd2][%cal
Ga2a1,Gc4b2]}) 33. Rf5 $18 Ra5 34. Ne6 h6 35. Nxf4 Ra1+ 36. Kd2 Ne7 37. Rf6 Rf1
38. Nd5 Rxf6 39. Nxf6+ Kf7 40. Ne4 1-0